01705nab a2200409 i 450000100060000000300080000600500170001400600190003100700150005000800410006502200140010603500210012004000310014105000240017208000110019608200140020710000390022124500940026026400720035430000250042631000180045133600310046933700330050033800430053358801240057659001640070061100840086465000270094865000420097565000300101765000170104765500320106477301020109679700190119885600610121799900170127841932FlNmELB20241216222014.0m o d | cr cnu||||||||150611c19729999sp tr p o 0 b0spa d a0034-7639 a(OCoLC)992033327 aFINmELBbspaerdacFINmELB 4aTD172.5bR6961 1972 a504.060 a628.52231 aRodríguez Vázquez de Prada, V.13aLa conferencia de Estocolmo sobre el medio ambiente /cV. Rodríguez Vázquez de Prada. 1aMadrid :bCentro de Estudios Políticos y Constitucionales,c1972. a1 recurso en línea aCuatrimestral atextobtxt2rdacontent/spa acomputadorabc2rdamedia/spa arecurso en líneabcr2rdacarrier/spa aDescripción basada en recurso en línea; Título de la página del título en PDF (e-libro, visto June 17, 2015). aRecurso electrónico. Santa Fe, Arg.: e-libro, 2015. Disponible vía World Wide Web. El acceso puede estar limitado para las bibliotecas afiliadas a e-libro.20aUnited Nations Conference on the Human Environmentd(1972 :cStockholm, Sweden) 0aPollutionvCongresses. 0aEnvironmental protectionvCongresses. 4aConservación ambiental. 4aConferencia. 4aArtículos electrónicos.0 tRevista de Administración PúblicagNúm. 68 (Mayo-agosto 1972), páginas 381-404x0034-76392 ae-libro, Corp.40uhttps://elibro.net/ereader/politecnicointernacional/1843 c41932d41932